<?xml version="1.0" encoding="UTF-8"?>
<collection xmlns:xsi="http://www.w3.org/2001/XMLSchema-instance" xsi:schemaLocation="http://www.loc.gov/MARC21/slim http://www.loc.gov/standards/marcxml/schema/MARC21slim.xsd" xmlns="http://www.loc.gov/MARC21/slim">
 <record>
  <leader>00000cam a22000003i 4500</leader>
  <controlfield tag="001">UP-1685594773861907125</controlfield>
  <controlfield tag="003">Buklod</controlfield>
  <controlfield tag="005">20240427155418.0</controlfield>
  <controlfield tag="006">ta    rb   |||| u|</controlfield>
  <controlfield tag="007">ta</controlfield>
  <controlfield tag="008">160909s2012    mdu     rb   |||| u|eng d</controlfield>
  <datafield tag="020" ind1=" " ind2=" ">
   <subfield code="a">9781610487726 (pbk : alk. paper)</subfield>
  </datafield>
  <datafield tag="035" ind1=" " ind2=" ">
   <subfield code="a">(iLib)UPBAG-00009830443</subfield>
  </datafield>
  <datafield tag="037" ind1=" " ind2=" ">
   <subfield code="a">GRC-2864</subfield>
   <subfield code="c">Php3,798.00</subfield>
  </datafield>
  <datafield tag="040" ind1=" " ind2=" ">
   <subfield code="a">DLC</subfield>
   <subfield code="d">BAG</subfield>
   <subfield code="e">rda</subfield>
  </datafield>
  <datafield tag="041" ind1="0" ind2=" ">
   <subfield code="a">eng</subfield>
  </datafield>
  <datafield tag="090" ind1=" " ind2="0">
   <subfield code="a">LB 2830</subfield>
   <subfield code="b">F56 2012</subfield>
  </datafield>
  <datafield tag="245" ind1="0" ind2="0">
   <subfield code="a">Financial accounting for school administrators</subfield>
   <subfield code="b">tools for schools</subfield>
   <subfield code="c">edited by Ronald E. Everett, Donald R. Johnson, Bernard W. Madden.</subfield>
  </datafield>
  <datafield tag="250" ind1=" " ind2=" ">
   <subfield code="a">Third edition.</subfield>
  </datafield>
  <datafield tag="264" ind1=" " ind2="1">
   <subfield code="a">Lanham, Md.</subfield>
   <subfield code="b">Rowman &amp; Littlefield Education</subfield>
   <subfield code="c">©2012.</subfield>
  </datafield>
  <datafield tag="300" ind1=" " ind2=" ">
   <subfield code="a">viii, 313 pages</subfield>
   <subfield code="c">26 cm +</subfield>
   <subfield code="e">1 computer optical disc (4 3/4 in.) GRC-ACD#-080</subfield>
  </datafield>
  <datafield tag="500" ind1=" " ind2=" ">
   <subfield code="a">Published in partnership with the Association of School Business Officials International.</subfield>
  </datafield>
  <datafield tag="504" ind1=" " ind2=" ">
   <subfield code="a">Includes bibliographical references (pages 283-287)</subfield>
  </datafield>
  <datafield tag="505" ind1="0" ind2=" ">
   <subfield code="a">Chapter 1. Accounting and School Business Management -- Chapter 2. What Is Accounting? --  Chapter 3. Basic Principles of Accounting -- Chapter 4. Basic Accounting Techniques -- Chapter 5. General Ledger -- Chapter 6. Journals -- Chapter 7. Revenue Accounting -- Chapter 8. Expenditure Accounting -- Chapter 9. Special Entries -- Chapter 10. Fund Balance Accounts and Financial Position -- Chapter 11. Changes in Financial Position -- Chapter 12. Special Revenue Funds -- Chapter 13. Capital Projects Funds -- Chapter 14. Debt Service Funds -- Chapter 15. General Fixed Assets -- Chapter 16. Enterprise Funds -- Chapter 17. Internal Service Funds -- Chapter 18. Trust Funds -- Chapter 19. Agency Funds -- Chapter 20. Payroll Accounting/Development -- Chapter 21. Internal Cash Control -- Chapter 22. Student Accounting -- Chapter 23. Advanced Financial Statements -- Chapter 24. Auditing -- Chapter 25. ASBO International's Certificate of Excellence: Financial Statements and Reports -- Chapter 26. Using Accounting Information to Measure Fiscal Health and Manage a School District Chapter 27. School Fund Accounting and the Future.</subfield>
  </datafield>
  <datafield tag="650" ind1=" " ind2="0">
   <subfield code="a">Schools</subfield>
   <subfield code="x">Accounting.</subfield>
  </datafield>
  <datafield tag="650" ind1=" " ind2="0">
   <subfield code="a">Managerial accounting.</subfield>
  </datafield>
  <datafield tag="650" ind1=" " ind2="0">
   <subfield code="a">School administrators</subfield>
   <subfield code="x">In-service training.</subfield>
  </datafield>
  <datafield tag="700" ind1="1" ind2=" ">
   <subfield code="a">Everett, Ronald E.</subfield>
  </datafield>
  <datafield tag="700" ind1="1" ind2=" ">
   <subfield code="a">Johnson, Donald R.</subfield>
   <subfield code="d">1941-.</subfield>
  </datafield>
  <datafield tag="700" ind1="1" ind2=" ">
   <subfield code="a">Madden, Bernard W.</subfield>
   <subfield code="d">1940-.</subfield>
  </datafield>
  <datafield tag="710" ind1="2" ind2=" ">
   <subfield code="a">Association of School Business Officials International.</subfield>
  </datafield>
  <datafield tag="852" ind1="0" ind2=" ">
   <subfield code="a">UPBAG</subfield>
   <subfield code="b">GRC</subfield>
   <subfield code="h">LB 2830 F56 2012</subfield>
  </datafield>
  <datafield tag="852" ind1="0" ind2=" ">
   <subfield code="a">UPBAG</subfield>
   <subfield code="b">GRC</subfield>
   <subfield code="h">GRC-ACD#-080</subfield>
  </datafield>
  <datafield tag="942" ind1=" " ind2=" ">
   <subfield code="a">Book</subfield>
  </datafield>
 </record>
</collection>
